Films Disney - Statistiques

Statistiques générales
  • Ce quiz a été pris 507 fois
  • Le résultat moyen est 7 sur 15
Answers on the Grid
Answers color-coded by a green-red scale on the quiz's grid according to % correct below.
Blanche neige et les sept nains
Anastasia
Chicken Little
La Belle au bois dormant
Raiponce
Chicken run
Le Prince d'Egypte
Dinosaures
Pinocchio
Le Petit Dinosaure
Bambi
Dumbo
Merlin l'enchanteur
Les Aristochats 2
La reine des neiges
Les Croods
Le Roi Lion 4
Le voleur et le cordonnier
Bernard et Bianca au pays des kangourous
Oliver et cie
Hôtel Transylvanie
Tous en scène
Dumbo 2
Les Mondes de Ralph
Mickey, le film
La princesse et la grenouille
Comme des Bêtes
Blanche neige 2
La Princesse au petit pois
Bienvenue chez les Robinsons
 
Statistiques - réponses
Réponse % Correct
Blanche neige et les sept nains
96%
La Belle au bois dormant
72%
Raiponce
67%
Bambi
60%
Pinocchio
56%
Dumbo
55%
Merlin l'enchanteur
48%
La reine des neiges
41%
Bernard et Bianca au pays des kangourous
29%
La princesse et la grenouille
29%
Chicken Little
28%
Dinosaures
26%
Les Mondes de Ralph
24%
Oliver et cie
24%
Bienvenue chez les Robinsons
18%
Aucun quiz correspondant
Distribution des résultats
% des personnes avec chaque résultat
Percentile par nombre de réponses
Votre historique - résultats
Vous n’avez pas pris ce quiz